000 00883nam a2200301Ia 4500
001 C5102
003 IT-RoPAU
008 130308s9999 xx 000 0 und d
040 _aIT-RoPAU
040 _cIT-RoPAU
041 _aITALIANO
100 _aDel Puente Giovanni
100 _gCodice Aut. SPICS: 41284
245 _aMusicoterapia recettiva in ambito psichiatrico
245 _bMusica & Terapia-0-Quaderni Italiani di musicoterapia
250 _a1a ed.
260 _aGENOVA
260 _bErga Edizioni
260 _c1992 [1° Ed.:1992 - Ed.Ling.Originale:1992]
300 _a"6 p. (prefazione: no ; testo: 6 [pagine: 18-23])"
650 _aSAGGI MUSICALI
650 _eCodice materia Spics: 7011
700 _aManarolo GerardoVecchiato Caterina
700 _gCodice Aut. SPICS: 25996Codice Aut. SPICS: 41285
942 _cBK
957 _71
999 _c77478
_d77478
999 _g1